000 00517nam a22002057a 4500
003 OSt
005 20241025123628.0
008 241025b |||||||| |||| 00| 0 eng d
040 _cMRSPTU
041 _aENG
082 _a632.95
_bSI-T
100 _aSingh, Satnam
245 _aThe Safe and Effective use of Pesticides
250 _a1st Ed.
260 _aLudhiana
_bPAU
_c2019
300 _a17
650 _aAgriculture
700 _aPandher, Suneet & Singh, Harinderpal & Rathore, Pankaj
942 _2ddc
_cBK
_n0
999 _c10387
_d10387